Nitra

Zobrazenie: Päť čiastkových pohľadov, každý v bielom orámovaní, všetky spolu na striebornom podklade. V druhom pohľade je vľavo hore bielym písmom názov. Pohľad na rieku Nitru v popredí, za ňou vidno poschodvé budovy, na brehu rieky na chodníku chodcov a v pozadí na kopci Nitriansky hrad s Bazilikou...

Full description

Bibliographic Details
Other Authors: Šmátrala, Milan (fotograf) (Photographer)
Format: Photo
Language:Slovak
PhysicalDescription:1 pohľadnica (5 čiastkových pohľadov) farebná 11 x 15 cm
Published: Bratislava Pravda 1989
Subjects:

MARC

LEADER 00000ckm a2200000 a 4500
001 vtls001207736
003 SK-MaSNL
005 20260331203148.0
007 kf co
008 230706s1989 xo g 0kuslo
015 |a SNBG1989 
035 |a SNK000150806 
035 |a FC362CB8-4A6C-49C8-BEEF-A4E834C406A9 
035 |a urn:nbn:sk:snk-km00giz1 
040 |a SNK  |b slo  |c SNK  |e AACR2 
041 0 |a slo 
043 |a e-xo--- 
044 |a xo  |c SK 
072 7 |a 913  |x Regionálna geografia  |2 konspekt 
080 |a 913(437.6)  |2 2011 
080 |a 908(437.6)  |2 2011 
080 |a 904:72  |2 2011 
080 |a 904(084.121)  |2 2011 
080 |a 728.81  |2 2011 
080 |a 726:27-523.42  |2 2011 
080 |a 69.056.52  |2 2011 
080 |a 640.412  |2 2011 
080 |a 556.53  |2 2011 
080 |a 502.51  |2 2011 
080 |a 351.851  |2 2011 
080 |a 378  |2 2011 
080 |a (282.243)  |2 2011 
100 1 |a Šmátrala, Milan  |c (fotograf)  |4 pht  |9 164919 
245 1 0 |a Nitra  |h grafika  |c foto Milan Šmátrala 
246 1 |i Názov na obrazovej časti:  |a Nitra 
260 |a Bratislava  |b Pravda  |c 1989  |e [Bratislava]  |f TZP-B 
300 |a 1 pohľadnica (5 čiastkových pohľadov)  |b farebná  |c 11 x 15 cm 
500 |a Na adresnej časti uvedené: "Nitra - okresné a priemyselné mesto v Podunajskej nížine pod výbežkami pohoria Tríbeč. Významné stredisko poľnohospodárstva s areálom vysokej školy. Mestské výsady od r. 1248" 
520 8 |a Zobrazenie: Päť čiastkových pohľadov, každý v bielom orámovaní, všetky spolu na striebornom podklade. V druhom pohľade je vľavo hore bielym písmom názov. Pohľad na rieku Nitru v popredí, za ňou vidno poschodvé budovy, na brehu rieky na chodníku chodcov a v pozadí na kopci Nitriansky hrad s Bazilikou sv. Emeráma. Pohľad na budovy Vysokej školy poľnohospodárskej z výšky, okolie budov tvoria trávnaté plochy a medzi nimi chodníky. Pohľad na Hotel Tatra, v popredí je križovatka ulíc, vľavo vidno Farskú ulicu a zľava na nej je rad poschodvých budov. Pohľad na výškové bytové panelové domy, vľavo v popredí je parkovisko a vpravo kvetinový záhon na trávnatej ploche. Pohľad na bývalý Hotel Nitra, dnes internát a učebne Univerzity Konštantína Filozofa. V popredí je trávnatá plocha, jej stredom vedie chodník. Vpravo v pozadí vyčnieva za hotelom výškový panelový dom 
610 2 7 |a Nitriansky hrad  |2 SNKKA  |9 165089 
610 2 7 |a Bazilika sv. Emeráma (Nitra, Slovensko)  |2 SNKKA  |9 153204 
610 2 7 |a Vysoká škola poľnohospodárska v Nitre  |2 SNKKA  |9 165743 
610 2 7 |a Hotel Tatra (Nitra, Slovensko)  |2 SNKKA  |9 190095 
610 2 7 |a Hotel Nitra (Nitra, Slovensko)  |2 SNKKA  |9 283346 
650 0 7 |a národné kultúrne pamiatky  |2 SNKPH  |9 31192 
650 0 7 |a hrady  |2 SNKPH  |9 3039 
650 0 7 |a baziliky  |2 SNKPH  |9 54566 
650 0 7 |a rieky  |2 SNKPH  |9 29644 
650 0 7 |a vysoké školy  |2 SNKPH  |9 1277 
650 0 7 |a hotely  |2 SNKPH  |9 18422 
650 0 7 |a panelové domy  |2 SNKPH  |9 71125 
651 7 |a Nitra (Slovensko)  |2 SNKPHgeo  |9 15714 
651 7 |a Nitra (Slovensko : rieka)  |2 SNKPHgeo  |9 56326 
655 7 |a miestne pohľadnice  |2 SNKPH  |9 70510 
655 7 |a geografické pohľadnice  |2 SNKPH  |9 70522 
655 7 |a pohľadnice kultúrnych pamiatok  |2 SNKPH  |9 70523 
852 |a Slovenská národná knižnica 
958 |a GBN 
958 |a GC 
958 |a OND 
999 |c 768554  |d 770484 
952 |a SNK  |b SNK  |y PREZ  |7 0  |p 17A1409687  |o snkSP 143411  |i snk4309/90  |0 0  |1 0  |4 0  |d 2020-11-09  |f 1  |l 0  |r 2026-02-24 00:26:43  |w 2026-02-24 
952 |a SNK  |b SNK  |y PREZ  |7 0  |p 17A1410765  |o snkSP 143411 D1  |i snk4310/90  |0 0  |1 0  |4 0  |d 2020-11-09  |l 0  |r 2026-02-24 00:26:44  |w 2026-02-24